000 00555nam a2200181 a 4500
001 000024296
005 20200930022903.0
008 110126s1978 dr 000 0 spa d
040 _aDO-SdBNP
_bspa
_cBNPHU
082 _axxxx
_bM385p
100 1 _aMartínez, Héctor
_949868
245 1 3 _aLa prensa clandestina /
_cHéctor Martínez.
260 _aSanto Domingo :
_b[s.n.],
_c1978.
300 _a219 p. ;
_c21 cm.
504 _aIncluye referencias bibliográficas y notas al pie de las páginas
504 _aBibliografías : p. 205-219
049 _aBNPD
999 _c23789
_d23789